Spoločenská zodpovednosť ako spôsob zvyšovania konkurencieschopnosti firmy bakalárska práca

Salvato in:
Dettagli Bibliografici
Autore principale: Kontuľová, Martina
Ente Autore: Obchodná fakulta EU. Katedra marketingu
Altri autori: Okasová, Zuzana, 1988-
Natura: Libro
Lingua:slovacco
Pubblicazione: Bratislava 2017
Tags: Aggiungi Tag
Nessun Tag, puoi essere il primo ad aggiungerne!!

MARC

LEADER 00000nbm a2200000 4500
001 0232727
005 20240916081655.6
041 0 |a slo 
044 |a SK 
245 1 0 |a Spoločenská zodpovednosť ako spôsob zvyšovania konkurencieschopnosti firmy  |b bakalárska práca  |c Martina Kontuľová ; školiteľ: Zuzana Okasová 
264 1 |a Bratislava  |c 2017 
300 |a 50 s. 
100 1 |a Kontuľová, Martina 
700 1 |a Okasová, Zuzana, 1988- 
710 2 |a Obchodná fakulta EU. Katedra marketingu